| Tag |
First Indicator |
Second Indicator |
Subfields |
| LEADER |
00000cam a2200000Ma 4500 |
| 001 |
in00003545448 |
| 006 |
m o d |
| 007 |
cr nn||||||||| |
| 008 |
121227s1997 ne o 000 0 eng d |
| 005 |
20260420214239.9 |
| 020 |
|
|
|a 9789400914773 (electronic bk.)
|
| 020 |
|
|
|a 9400914776 (electronic bk.)
|
| 035 |
|
|
|a (OCoLC)840304550
|
| 040 |
|
|
|a I9W
|b eng
|e pn
|c I9W
|d OCLCO
|d OCLCQ
|d GW5XE
|d OCLCF
|d OCLCO
|d UtOrBLW
|
| 049 |
|
|
|a TXAM
|
| 050 |
|
4 |
|a QB821
|
| 082 |
0 |
4 |
|a 523.8/41
|2 21
|
| 100 |
1 |
|
|a Docobo Durantez, José Angel.
|
| 245 |
1 |
0 |
|a Visual Double Stars: Formation, Dynamics and Evolutionary Tracks /
|c edited by J.A. Docobo, A. Elipe, H. McAlister.
|
| 246 |
3 |
|
|a Proceedings of the International Workshop on Visual Double and Multiple Stars and Celestial Mechanics held in Santiago de Compostela, Spain, July 29-August 1, 1997
|
| 264 |
|
1 |
|a Dordrecht :
|b Springer Netherlands,
|c 1997.
|
| 300 |
|
|
|a 1 online resource (536 pages)
|
| 336 |
|
|
|a text
|b txt
|2 rdacontent
|
| 337 |
|
|
|a computer
|b c
|2 rdamedia
|
| 338 |
|
|
|a online resource
|b cr
|2 rdacarrier
|
| 490 |
1 |
|
|a Astrophysics and Space Science Library, 0067-0057 ;
|v 223
|
| 520 |
|
|
|a This book contains the proceedings of the International Workshop 'Visual Binary Stars: Formation, Dynamics and Evolutionary Tracks' held in Santiago de Compostela, Spain, July 29 - August 1, 1997. The most recent observational results on visual double stars as well as on their dynamics were presented at the Workshop which had nearly 70 participants from 19 countries. <br/> Both the astrophysical data and the dynamics of visual binary stars are discussed as a background to tracing their formation and evolutionary trends, largely supported by observational results including those obtained from satellites. <br/> The book will be valuable for astronomers interested in research in both visual double and multiple star and celestial mechanics.
|
| 500 |
|
|
|a Electronic resource.
|
| 650 |
|
0 |
|a Double stars
|v Congresses.
|
| 650 |
|
0 |
|a Astrometry
|v Congresses.
|
| 650 |
|
7 |
|a Astrometry.
|2 fast
|0 (OCoLC)fst00819490
|
| 650 |
|
7 |
|a Double stars.
|2 fast
|0 (OCoLC)fst00897105
|
| 655 |
|
7 |
|a Electronic books.
|2 local
|
| 655 |
|
7 |
|a Conference proceedings.
|2 fast
|0 (OCoLC)fst01423772
|
| 700 |
1 |
|
|a Elipe, A.
|
| 700 |
1 |
|
|a McAlister, Harold A.
|
| 710 |
2 |
|
|a SpringerLink (Online service)
|
| 830 |
|
0 |
|a Astrophysics and space science library ;
|v 223.
|
| 856 |
4 |
0 |
|u http://proxy.library.tamu.edu/login?url=https://link.springer.com/10.1007/978-94-009-1477-3
|z Connect to the full text of this electronic book
|t 0
|
| 994 |
|
|
|a 92
|b TXA
|
| 999 |
|
|
|a MARS
|
| 999 |
f |
f |
|s 3fc7715f-c287-3e8b-a237-291e62077530
|i 5c7bf0f3-ccc6-3227-8df5-d5a98a9f27fa
|t 0
|
| 952 |
f |
f |
|a Texas A&M University
|b College Station
|c Electronic Resources
|s www_evans
|d Available Online
|t 0
|e QB821
|h Library of Congress classification
|
| 998 |
f |
f |
|a QB821
|t 0
|l Available Online
|